| 000 | 01832cam a22004337a 4500 | ||
|---|---|---|---|
| 001 | 1926 | ||
| 003 | FISKH | ||
| 005 | 20250829145317.0 | ||
| 008 | 160205s2010 enk 000 1 eng | ||
| 010 | _a 2015458863 | ||
| 015 |
_aGBA992684 _2bnb |
||
| 016 | 7 |
_a015376257 _2Uk |
|
| 020 | _a9781407107127 | ||
| 020 | _a1407107127 | ||
| 035 | _a(OCoLC)ocn861816513 | ||
| 040 |
_aNz _beng _cNSELP _dUKM _dYDXCP _dSINLB _dOCLCF _dDLC |
||
| 042 | _alccopycat | ||
| 050 | 0 | 0 |
_aQA273.16 _b.P67 2010 |
| 082 | _a510 | ||
| 100 | 1 | _aPoskitt, Kjartan | |
| 245 | 1 | 0 |
_aDo you feel lucky? / _cKjartan Poskitt, illustrated by Philip Reeve. |
| 260 |
_aLondon : _bScholastic, _c2010. |
||
| 300 |
_a176 pages : _billustrations ; _c20 cm. |
||
| 500 | _aFrom cover: It's maths with the laughs added in! A humorous look at how maths can predict the likelihood of something happening. | ||
| 505 | _aZ' | ||
| 520 | _aUsing a host of hilarious characters, Kjartan Poskitt presents all the tricks, tips and shortcuts to probability they don't teach at school. Readers will learn why coins have no memory, and whether Urgum the Axeman is likely to lose his head and join Riverboat Lil and Brett Shuffler in a mathematical tangle with swamp snake. | ||
| 521 | 8 |
_a1000
_bLexile |
|
| 521 | 8 |
_aZ'
_bRaz-Plus |
|
| 650 | 0 |
_aProbabilities _vJuvenile literature. |
|
| 650 | 4 | _aMathematical recreations-- Children's non-fiction | |
| 650 | 4 | _aMathematical statistics Children's non-fiction | |
| 650 | 4 | _aProbabilities Children's humour | |
| 650 | 7 |
_aProbabilities. _2fast _0(OCoLC)fst01077737 |
|
| 655 | 7 |
_aJuvenile works. _2fast _0(OCoLC)fst01411637 |
|
| 700 | 1 |
_aReeve, Philip \ _eillustrator. |
|
| 906 |
_a7 _bcbc _ccopycat _d2 _encip _f20 _gy-gencatlg |
||
| 942 |
_2ddc _cBK _n0 |
||
| 999 |
_c1926 _d1926 |
||